|
|
|
|
| LEADER |
01427nam a2200385 a 4500 |
| 001 |
EBC1773718 |
| 003 |
MiAaPQ |
| 005 |
20200520144314.0 |
| 006 |
m o d | |
| 007 |
cr cn||||||||| |
| 008 |
120601s2012 ne ab sb 000 0 eng d |
| 010 |
|
|
|z 2012534001
|
| 020 |
|
|
|z 9089644350
|
| 020 |
|
|
|z 9789089644350
|
| 020 |
|
|
|a 9789048516650 (electronic bk.)
|
| 035 |
|
|
|a (MiAaPQ)EBC1773718
|
| 035 |
|
|
|a (Au-PeEL)EBL1773718
|
| 035 |
|
|
|a (CaPaEBR)ebr10661287
|
| 035 |
|
|
|a (CaONFJC)MIL552049
|
| 035 |
|
|
|a (OCoLC)834550433
|
| 040 |
|
|
|a MiAaPQ
|c MiAaPQ
|d MiAaPQ
|
| 043 |
|
|
|a e------
|
| 050 |
|
4 |
|a HE8689.9.E85
|b L66 2012
|
| 100 |
1 |
|
|a Lommers, Suzanne.
|
| 245 |
1 |
0 |
|a Europe, on air
|h [electronic resource] :
|b interwar projects for radio broadcasting /
|c Suzanne Lommers.
|
| 260 |
|
|
|a Amsterdam :
|b Amsterdam University Press,
|c 2012.
|
| 300 |
|
|
|a 325 p. :
|b ill., maps.
|
| 490 |
1 |
|
|a Technology and European history series ;
|v 7
|
| 504 |
|
|
|a Includes bibliographical references.
|
| 533 |
|
|
|a Electronic reproduction. Ann Arbor, MI : ProQuest, 2015. Available via World Wide Web. Access may be limited to ProQuest affiliated libraries.
|
| 650 |
|
0 |
|a Radio broadcasting
|z Europe
|x History.
|
| 655 |
|
4 |
|a Electronic books.
|
| 710 |
2 |
|
|a ProQuest (Firm)
|
| 830 |
|
0 |
|a Technology and European history series.
|
| 856 |
4 |
0 |
|u https://ebookcentral.proquest.com/lib/matrademy/detail.action?docID=1773718
|z Click to View
|